|
|
|
|
| LEADER |
01917nam a2200457 4500 |
| 001 |
ocn755033234 |
| 003 |
OCoLC |
| 005 |
20180501121945.0 |
| 006 |
m o d |
| 007 |
cr mn||||||||| |
| 008 |
110929s1991 caua ob 001 0 eng d |
| 040 |
|
|
|a COF
|b eng
|e pn
|c COF
|d OPELS
|d OCLCQ
|d OPELS
|d OCLCF
|d KUK
|d OCLCQ
|d BUF
|d KIJ
|d GrThAP
|
| 020 |
|
|
|a 0121821013
|q (electronic bk.)
|
| 020 |
|
|
|a 9780121821012
|q (electronic bk.)
|
| 035 |
|
|
|a (OCoLC)755033234
|
| 050 |
|
4 |
|a QP601
|
| 082 |
0 |
4 |
|a 574.192
|
| 049 |
|
|
|a TEFA
|
| 245 |
0 |
0 |
|a Protein phosphorylation.
|n Part A,
|p Protein kinases :
|b assays, purification, antibodies, functional analysis, cloning, and expression /
|c edited by Tony Hunter, Bartholomew M. Sefton.
|
| 260 |
|
|
|a San Diego :
|b Academic Press, Inc.,
|c 1991.
|
| 300 |
|
|
|a 1 online resource (xxxiv, 763 pages) :
|b illustrations.
|
| 336 |
|
|
|a text
|b txt
|2 rdacontent
|
| 337 |
|
|
|a computer
|b c
|2 rdamedia
|
| 338 |
|
|
|a online resource
|b cr
|2 rdacarrier
|
| 490 |
1 |
|
|a Methods in enzymology ;
|v v. 200
|
| 504 |
|
|
|a Includes bibliographical references and indexes.
|
| 588 |
0 |
|
|a Print version record.
|
| 520 |
|
|
|a This volume provides a compilation of recent methods for studying protein phosphorylation.
|
| 650 |
|
0 |
|a Phosphorylation.
|
| 650 |
|
0 |
|a Protein kinases.
|
| 650 |
|
7 |
|a Phosphorylation.
|2 fast
|0 (OCoLC)fst01061482
|
| 650 |
|
7 |
|a Protein kinases.
|2 fast
|0 (OCoLC)fst01079695
|
| 650 |
0 |
2 |
|a Phosphorylation [MESH]
|
| 650 |
0 |
2 |
|a Protein Kinases [MESH]
|
| 650 |
0 |
2 |
|a Proteins [MESH]
|
| 655 |
|
4 |
|a Electronic books.
|
| 700 |
1 |
|
|a Hunter, R. A.
|q (Richard A.)
|
| 700 |
1 |
|
|a Sefton, Bartholomew M.
|
| 776 |
0 |
8 |
|i Print version:
|t Protein phosphorylation. Part A, Protein kinases.
|d San Diego : Academic Press, Inc., 1991
|z 0121821013
|w (OCoLC)26686727
|
| 830 |
|
0 |
|a Methods in enzymology ;
|v v. 200.
|
| 856 |
4 |
0 |
|u https://www.sciencedirect.com/science/bookseries/00766879/200
|z Full Text via HEAL-Link
|